[Event "17e open 1hKO"]
[Site "Montigny le Bretonneux"]
[Date "2013.05.19"]
[Round "6.4"]
[White "Forissier, Nicolas"]
[Black "Mourgues, Joelle"]
[Result "1-0"]
[WhiteElo "1966"]
[BlackElo "1737"]
[PlyCount "72"]
[EventDate "2013.04.??"]
[EventType "swiss"]
[EventRounds "7"]
[EventCountry "FRA"]
[SourceDate "2005.09.12"]

{Défense Nimzo-indienne, variante Fischer} 1. d4 Nf6 2. c4 e6 3. Nc3 Bb4 4. Nf3
b6 5. e3 O-O 6. Bd3 Bb7 7. O-O Bxc3 8. bxc3 Ne4 9. Qc2 f5 10. Ba3 d6 11. Rab1
c5 12. Nd2 Nxd2 13. Qxd2 Nd7 14. Rfd1 Qe7 15. Bc2 Nf6 16. f3 g6 17. Re1 e5 18.
Bc1 e4 19. f4 Rad8 20. a4 Ba6 21. Bb3 d5 22. cxd5 c4 23. Bd1 Rxd5 24. Qa2 Rfd8
25. Ba3 Qc7 26. Be2 Rc8 27. Bb4 Kg7 28. Ra1 Rd7 29. Kf2 Nd5 30. g4 Kh8 31. Rg1
Rg7 32. Qa3 Nxb4 33. Qxb4 Qe7 34. Qxe7 Rxe7 35. gxf5 gxf5 36. Rg5 Rf8 {suite
illisible} 1-0

[Event "17e open 1hKO"]
[Site "Montigny le Bretonneux"]
[Date "2013.05.18"]
[Round "6.5"]
[White "Duval, Dominique"]
[Black "Francois, Jean"]
[Result "1-0"]
[WhiteElo "1780"]
[BlackElo "1823"]
[PlyCount "67"]
[EventDate "2013.04.??"]
[EventType "swiss"]
[EventRounds "7"]
[EventCountry "FRA"]
[SourceDate "2005.09.12"]

{Partie du pion dame} 1. d4 d5 2. Nf3 Nf6 3. e3 g6 4. Bd3 Bg7 5. b3 Nbd7 6. Bb2
O-O 7. Nbd2 a6 8. O-O Re8 9. Rc1 b5 10. Ne5 Bb7 11. f3 Nxe5 12. dxe5 Nd7 13. f4
Nc5 14. Qe2 Nxd3 15. cxd3 Rc8 16. b4 e6 17. Nb3 Bf8 18. Nc5 Bxc5 19. Rxc5 c6
20. Qf3 a5 21. Bc3 axb4 22. Bxb4 Ra8 23. a3 h5 24. g4 hxg4 25. Qxg4 Kg7 26. Rc2
Rh8 27. Rg2 Qh4 28. Qxh4 Rxh4 29. Be7 Rh3 30. Rg3 Rxg3+ 31. hxg3 Rc8 32. Rf2
Rc7 33. Bf6+ Kf8 34. Rh2 1-0

[Event "17e open 1hKO"]
[Site "Montigny le Bretonneux"]
[Date "2013.05.19"]
[Round "6.6"]
[White "Ferreira, Carlos"]
[Black "Artieres, Michel"]
[Result "1/2-1/2"]
[WhiteElo "1813"]
[BlackElo "1700"]
[PlyCount "84"]
[EventDate "2013.04.??"]
[EventType "swiss"]
[EventRounds "7"]
[EventCountry "FRA"]
[SourceDate "2005.09.12"]

{Défense scandinave} 1. e4 d5 2. e5 Bf5 3. d4 e6 4. Nf3 c5 5. c3 Nc6 6. Be2
cxd4 7. cxd4 Bxb1 8. Rxb1 Bb4+ 9. Kf1 Nge7 10. g3 Nf5 11. Kg2 Qb6 12. Be3 O-O
13. a3 Be7 14. h4 Nxe3+ 15. fxe3 f6 16. exf6 Bxf6 17. Qd2 Rad8 18. Ng5 Ne7 19.
Bg4 Nf5 20. Bxf5 exf5 21. Qd3 h6 22. Nf3 Qe6 23. Rbc1 Rc8 24. Rhe1 Rfe8 25.
Rxc8 Rxc8 26. Re2 a6 27. Ng1 Qe4+ 28. Qxe4 fxe4 29. Nh3 g5 30. h5 Kg7 31. Nf2
Rc6 32. g4 Be7 33. Nh1 Bd6 34. Nf2 Kf6 35. Rd2 b5 36. Nd3 b4 37. a4 a5 38. Rf2+
Ke6 39. Rd2 Rc4 40. b3 Rc6 41. Rb2 Rc1 42. Rd2 Rc7 1/2-1/2

[Event "17e open 1hKO"]
[Site "Montigny le Bretonneux"]
[Date "2013.05.19"]
[Round "6.7"]
[White "Hurlot, Rodolphe"]
[Black "Gauthier, Arnaud"]
[Result "1/2-1/2"]
[WhiteElo "1754"]
[BlackElo "1853"]
[PlyCount "36"]
[EventDate "2013.04.??"]
[EventType "swiss"]
[EventRounds "7"]
[EventCountry "FRA"]
[SourceDate "2005.09.12"]

{Défense Pirc} 1. e4 d6 2. d4 Nf6 3. Nc3 c6 4. f4 Qa5 5. Bd2 e5 6. Nd5 Qd8 7.
Nxf6+ Qxf6 8. Nf3 Bg4 9. g3 exd4 10. h3 Bxf3 11. Qxf3 Nd7 12. O-O-O g6 13. g4
Bg7 14. Bd3 Qe6 15. Kb1 O-O-O 16. f5 Qe7 17. g5 f6 18. Bc4 Kb8 {suite illisible
} 1/2-1/2

[Event "17e open 1hKO"]
[Site "Montigny le Bretonneux"]
[Date "2013.05.18"]
[Round "6.8"]
[White "Mongey, Alain"]
[Black "Sellier, Alexandre"]
[Result "1-0"]
[WhiteElo "1667"]
[BlackElo "1180"]
[PlyCount "114"]
[EventDate "2013.04.??"]
[EventType "swiss"]
[EventRounds "7"]
[EventCountry "FRA"]
[SourceDate "2005.09.12"]

{Partie du pion dame, variante Tartacover} 1. d4 d5 2. Nf3 Nf6 3. Bg5 e6 4. e3
Nc6 5. c4 Bb4+ 6. Nc3 Bxc3+ 7. bxc3 O-O 8. Bd3 h6 9. Bh4 b6 10. O-O Bb7 11.
cxd5 exd5 12. Bc2 Qd6 13. Bg3 Qe7 14. h3 Ne4 15. Qd3 Na5 16. Nd2 Nc4 17. Nxe4
Qxe4 18. Bxc7 Rac8 19. Qxe4 dxe4 20. Bg3 Ba6 21. Rfc1 Rfe8 22. Bb3 Re7 23. Bf4
Nd2 24. c4 Bxc4 25. Rc2 g5 26. Bh2 Re6 27. Rac1 Rec6 28. d5 Bxd5 29. Rxc6 Rxc6
30. Rxc6 Bxc6 31. Bd1 Bd5 32. a3 a5 33. Bc7 Nc4 34. Bb3 b5 35. Bxc4 bxc4 36.
Bxa5 f5 37. Kf1 Kf7 38. Ke2 f4 39. Kd2 Ke6 40. Kc3 fxe3 41. fxe3 h5 42. Kd4 g4
43. hxg4 hxg4 44. Be1 Kd6 45. a4 Kc6 46. Bc3 g3 47. Ke5 Kc5 48. Kf4 Bc6 49. a5
Kb5 50. Kxg3 Ka4 51. Kf2 Kb3 52. Bd4 c3 53. Ke2 c2 54. Kd2 Ba4 55. a6 Kc4 56.
a7 Bc6 57. Kxc2 Ba8 {suite illisible} 1-0

[Event "17e open 1hKO"]
[Site "Montigny le Bretonneux"]
[Date "2013.05.18"]
[Round "6.9"]
[White "Verat-Fayolle, Celian"]
[Black "Olichon, Gaetan"]
[Result "0-1"]
[WhiteElo "1270"]
[BlackElo "1630"]
[PlyCount "54"]
[EventDate "2013.04.??"]
[EventType "swiss"]
[EventRounds "7"]
[EventCountry "FRA"]
[SourceDate "2005.09.12"]

{Défense des deux cavaliers} 1. e4 e5 2. Nf3 Nc6 3. Bc4 Nf6 4. Ng5 d5 5. exd5
Na5 6. Bb5+ c6 7. dxc6 bxc6 8. Ba4 h6 9. Nf3 e4 10. Qe2 Be7 11. Ne5 Qd5 12. f4
exf3 13. Nxf3 O-O 14. O-O Re8 15. Nc3 Bc5+ 16. Kh1 Rxe2 17. Nxd5 cxd5 18. a3
Bg4 19. b4 Bxf3 20. gxf3 Bd6 21. bxa5 Rxh2+ 22. Kg1 Rc8 23. f4 Ng4 24. d4 Rc3
25. Rd1 Rg3+ 26. Kf1 Rf2+ 27. Ke1 Rg1# 0-1

[Event "17e open 1hKO"]
[Site "Montigny le Bretonneux"]
[Date "2013.05.18"]
[Round "6.11"]
[White "Montay, Jean Paul"]
[Black "Sagon, Lancelot"]
[Result "1-0"]
[WhiteElo "1369"]
[BlackElo "1310"]
[PlyCount "67"]
[EventDate "2013.04.??"]
[EventType "swiss"]
[EventRounds "7"]
[EventCountry "FRA"]
[SourceDate "2005.09.12"]

{Défense Philidor} 1. e4 e5 2. Nf3 d6 3. d4 f6 4. d5 Ne7 5. Nc3 f5 6. Bc4 c6 7.
O-O b5 8. Bb3 f4 9. a3 cxd5 10. Nxd5 Nbc6 11. Nc3 Ng6 12. Nxb5 Ba6 13. Qd5 Qd7
14. Bc4 Bxb5 15. Bxb5 Nge7 16. Qd3 Rb8 17. Rd1 Ng6 18. h4 h5 19. b3 Kd8 20. Ng5
Kc7 21. Qc4 Kb7 22. Nf7 Rh7 23. Ng5 Rh8 24. Ne6 Re8 25. Nc5+ Kc8 26. Nxd7 Kxd7
27. Bxc6+ Ke7 28. Bxe8 Kxe8 29. g3 fxg3 30. fxg3 Be7 31. Bg5 Kf8 32. Rf1+ Ke8
33. Qc8+ Bd8 34. Qxd8# 1-0

[Event "17e open 1hKO"]
[Site "Montigny le Bretonneux"]
[Date "2013.05.19"]
[Round "6.12"]
[White "Chambourdon, Alain"]
[Black "Soleranski, Vincent"]
[Result "1/2-1/2"]
[WhiteElo "1560"]
[BlackElo "1478"]
[PlyCount "84"]
[EventDate "2013.04.??"]
[EventType "swiss"]
[EventRounds "7"]
[EventCountry "FRA"]
[SourceDate "2005.09.12"]

{Ouverture Bird} 1. f4 e6 2. Nf3 Nc6 3. e3 d5 4. Bb5 Bd7 5. Bxc6 Bxc6 6. O-O
Bd6 7. b3 Nf6 8. Bb2 O-O 9. Qe1 Bb5 10. d3 Qd7 11. Qh4 Be7 12. Qg3 g6 13. Ne5
Qd6 14. Nd2 Nh5 15. Qf2 Bf6 16. Ndf3 Ng7 17. Rad1 h5 18. c4 Bc6 19. Bd4 Bxe5
20. Nxe5 b6 21. Qb2 Nf5 22. Rf3 Nxd4 23. Qxd4 Bb7 24. Rg3 dxc4 25. Qc3 Be4 26.
bxc4 Kh7 27. Qc2 Bb7 28. d4 f5 29. Qe2 Rg8 30. Nf7 Qe7 31. Ng5+ Kh6 32. d5 exd5
33. cxd5 Rgd8 34. Qc4 Qc5 35. Qxc5 bxc5 36. Nf7+ Kg7 37. Nxd8 Rxd8 38. Rc1 Rxd5
39. h4 Ba6 40. Rf3 Kf6 41. Rf2 c4 42. Rfc2 Rc5 1/2-1/2

[Event "17e open 1hKO"]
[Site "Montigny le Bretonneux"]
[Date "2013.05.18"]
[Round "6.13"]
[White "Darpoux, Danielle"]
[Black "Mcintosh, Antoine"]
[Result "1-0"]
[WhiteElo "1386"]
[BlackElo "1110"]
[PlyCount "45"]
[EventDate "2013.04.??"]
[EventType "swiss"]
[EventRounds "7"]
[EventCountry "FRA"]
[SourceDate "2005.09.12"]

{Partie espagnole, variante d'échange} 1. e4 e5 2. Nf3 Nc6 3. Bb5 a6 4. Bxc6
dxc6 5. h3 Be7 6. Nxe5 Nf6 7. Nc3 O-O 8. O-O Qd4 9. Nf3 Nxe4 10. Nxd4 c5 11.
Nf3 Bf5 12. Nd5 Bd6 13. d3 c6 14. Ne3 Bg6 15. dxe4 Bxe4 16. Qxd6 Rad8 17. Qf4
Bg6 18. b3 Rfe8 19. Bb2 Re6 20. Ng4 Rd5 21. Qb8+ Rd8 22. Qxd8+ Re8 23. Qxe8#
1-0

[Event "17e open 1hKO"]
[Site "Montigny le Bretonneux"]
[Date "2013.05.18"]
[Round "6.14"]
[White "Geffrotin, Daniel"]
[Black "Mutzel, Joseph"]
[Result "1-0"]
[WhiteElo "1600"]
[BlackElo "1320"]
[PlyCount "73"]
[EventDate "2013.04.??"]
[EventType "swiss"]
[EventRounds "7"]
[EventCountry "FRA"]
[SourceDate "2005.09.12"]

{Ouverture du pion roi} 1. d4 Nf6 2. Nf3 d6 3. Nc3 Nc6 4. e4 Bg4 5. Be3 Qd7 6.
Be2 O-O-O 7. d5 Ne5 8. Nxe5 dxe5 9. Bxg4 Nxg4 10. Qe2 Kb8 11. O-O Qd6 12. Nb5
Qa6 13. c4 b6 14. Qxg4 Kb7 15. Qh5 f6 16. Qf7 g6 17. Rfd1 h5 18. Qxg6 Kb8 19.
b3 e6 20. Qxf6 Rg8 21. Qxd8+ Qc8 22. Qxc8+ Kxc8 23. Nxa7+ Kb7 24. Nb5 exd5 25.
Rxd5 Kc8 26. Rxe5 Bg7 27. Bf4 Bxe5 28. Bxe5 c6 29. Nd6+ Kd7 30. Rd1 Ke6 31. f4
Rg4 32. h3 Rg3 33. Ne8 Ke7 34. Nf6 Kf8 35. Nxh5 Re3 36. Nf6 Kf7 37. Kf2 1-0

[Event "17e open 1hKO"]
[Site "Montigny le Bretonneux"]
[Date "2013.05.18"]
[Round "6.15"]
[White "De Romance, Flavien"]
[Black "Stonner, Martin"]
[Result "0-1"]
[WhiteElo "1310"]
[BlackElo "1440"]
[PlyCount "40"]
[EventDate "2013.04.??"]
[EventType "swiss"]
[EventRounds "7"]
[EventCountry "FRA"]
[SourceDate "2005.09.12"]

{Défense Philidor} 1. e4 e5 2. Nf3 Nc6 3. d4 d6 4. d5 Nce7 5. Bd3 g6 6. O-O Bg7
7. Nc3 Nf6 8. Bg5 O-O 9. Qd2 c6 10. Bh6 cxd5 11. exd5 Nexd5 12. Nxd5 Nxd5 13.
c4 Nf4 14. Bxf4 exf4 15. Qxf4 Bxb2 16. Rad1 Be6 17. Ng5 Be5 18. Qh4 h5 19. Nxe6
Qxh4 20. Nxf8 Qxh2# 0-1

[Event "17e open 1hKO"]
[Site "Montigny le Bretonneux"]
[Date "2013.05.20"]
[Round "7.1"]
[White "Etrog, Jonathan"]
[Black "Goulenok, Eric"]
[Result "1-0"]
[WhiteElo "2210"]
[BlackElo "2187"]
[PlyCount "57"]
[EventDate "2013.04.??"]
[EventType "swiss"]
[EventRounds "7"]
[EventCountry "FRA"]
[SourceDate "2005.09.12"]

{Ouverture anglaise, variante Nimzovitch} 1. c4 e5 2. g3 f5 3. d4 exd4 4. Qxd4
Nc6 5. Qe3+ Be7 6. Nc3 Nf6 7. Bg2 O-O 8. Nh3 Nb4 9. Qd2 c6 10. O-O d6 11. b3
Na6 12. Bb2 Nc5 13. Nf4 g5 14. Nd3 Ne6 15. f4 Ng4 16. e4 Qb6+ 17. Kh1 Ne3 18.
Rf3 Nxg2 19. Kxg2 g4 20. Rf2 Qc7 21. exf5 Ng7 22. Ne4 Bxf5 23. Re2 Rae8 24.
Ndf2 h5 25. Rae1 Bg6 26. Qc3 Nf5 27. h3 Kf7 28. hxg4 hxg4 29. Nxg4 {suite non
notée} 1-0

[Event "17e open 1hKO"]
[Site "Montigny le Bretonneux"]
[Date "2013.05.20"]
[Round "7.3"]
[White "Duval, Sylvain"]
[Black "Bouvier, Clement"]
[Result "1/2-1/2"]
[WhiteElo "1972"]
[BlackElo "1895"]
[PlyCount "77"]
[EventDate "2013.04.??"]
[EventType "swiss"]
[EventRounds "7"]
[EventCountry "FRA"]
[SourceDate "2005.09.12"]

{Ouverture anglaise, variante symétrique, système Rubinstein} 1. c4 Nf6 2. g3
c5 3. Bg2 d5 4. cxd5 Nxd5 5. Nc3 Nc7 6. d3 e5 7. Nf3 Nc6 8. O-O Be7 9. Be3 Bd7
10. Nd2 Rc8 11. f4 b6 12. fxe5 Nxe5 13. Bf4 Ng6 14. Nde4 Nxf4 15. Rxf4 O-O 16.
Qf1 Be6 17. Bh3 Bxh3 18. Qxh3 Nd5 19. Nxd5 Qxd5 20. Nc3 Qc6 21. e4 Bf6 22. Nd5
Bd4+ 23. Kh1 Rce8 24. Qh4 Bxb2 25. Raf1 f6 26. Qh5 Rf7 27. Qf3 Be5 28. Rf5 Re6
29. Qg4 Rd7 30. h4 Rxd5 31. exd5 Qxd5+ 32. Qf3 Qxf3+ 33. R5xf3 Rd6 34. Kg2 Rd4
35. R1f2 Rg4 36. Rd2 Kf7 37. Re2 Ra4 38. Rc2 Ra3 39. Re2 {suite non notée}
1/2-1/2

[Event "17e open 1hKO"]
[Site "Montigny le Bretonneux"]
[Date "2013.05.20"]
[Round "7.4"]
[White "Ferreira, Carlos"]
[Black "Forissier, Nicolas"]
[Result "1-0"]
[WhiteElo "1813"]
[BlackElo "1966"]
[PlyCount "54"]
[EventDate "2013.04.??"]
[EventType "swiss"]
[EventRounds "7"]
[EventCountry "FRA"]
[SourceDate "2005.09.12"]

{Partie du pion dame, variante Tartacover} 1. d4 Nf6 2. Nf3 g6 3. Bg5 Bg7 4. e3
c5 5. c3 cxd4 6. exd4 O-O 7. Bd3 d5 8. Nbd2 Nc6 9. O-O a6 10. Re1 b5 11. a3 Na5
12. Ne5 Qd6 13. Bf4 Nh5 14. Nxg6 Nxf4 15. Nxe7+ Kh8 16. Nxc8 Raxc8 17. Bf5 Rce8
18. Qg4 Nc4 19. Nf3 Ng6 20. Ng5 Rxe1+ 21. Rxe1 Qf6 22. Qh5 h6 23. Nf3 Nd6 24.
Bxg6 fxg6 25. Qxd5 Re8 26. Rxe8+ Nxe8 27. Ne5 Kh7 {suite illisible} 1-0

[Event "17e open 1hKO"]
[Site "Montigny le Bretonneux"]
[Date "2013.05.20"]
[Round "7.5"]
[White "Artieres, Michel"]
[Black "Mongey, Alain"]
[Result "0-1"]
[WhiteElo "1700"]
[BlackElo "1667"]
[PlyCount "51"]
[EventDate "2013.04.??"]
[EventType "swiss"]
[EventRounds "7"]
[EventCountry "FRA"]
[SourceDate "2005.09.12"]

{Défense sicilienne, fianchetto accéléré} 1. e4 c5 2. Nf3 Nc6 3. d4 cxd4 4.
Nxd4 g6 5. Bc4 Bg7 6. c3 Nf6 7. Qe2 O-O 8. Be3 Nxe4 9. Nxc6 bxc6 10. Bc1 Nd6
11. Bb3 a5 12. Bc2 Re8 13. h4 Ba6 14. Qg4 Bc4 15. h5 Be6 16. Qh4 Nf5 17. Bxf5
Bxf5 18. g4 Be4 19. Rh3 e6 20. Bg5 f6 21. hxg6 Bxg6 22. Be3 f5 23. Bg5 Qc7 24.
Re3 Rf8 25. Rd3 fxg4 26. Qxg4 0-1

[Event "17e open 1hKO"]
[Site "Montigny le Bretonneux"]
[Date "2013.05.20"]
[Round "7.6"]
[White "Mourgues, Joelle"]
[Black "Mundell, Peter"]
[Result "0-1"]
[WhiteElo "1737"]
[BlackElo "1927"]
[PlyCount "80"]
[EventDate "2013.04.??"]
[EventType "swiss"]
[EventRounds "7"]
[EventCountry "FRA"]
[SourceDate "2005.09.12"]

{Début Reti} 1. Nf3 d6 2. g3 e5 3. d3 f5 4. Nbd2 Nf6 5. Bg2 Be7 6. O-O O-O 7.
c3 Kh8 8. e4 c6 9. Qe2 Be6 10. b4 Na6 11. Nb3 fxe4 12. dxe4 Qd7 13. Rd1 Bg4 14.
Na5 Qc8 15. Bg5 h6 16. Bxf6 Rxf6 17. Nc4 Qf8 18. Ncd2 Nc7 19. h3 Be6 20. a4 a6
21. Rac1 b5 22. a5 Rb8 23. c4 bxc4 24. Nxc4 Rxb4 25. Nb6 c5 26. Rb1 Rb5 27.
Rxb5 axb5 28. Nd2 c4 29. Rc1 Qb8 30. Qe3 Qa7 31. Qc3 Na8 32. Nxa8 Qxa8 33. f3
Qa7+ 34. Kh2 Bd8 35. Ra1 Qc5 36. a6 Bb6 37. Rb1 Bf7 38. Qb4 Qxb4 39. Rxb4 c3
40. Nb3 Be3 0-1

[Event "17e open 1hKO"]
[Site "Montigny le Bretonneux"]
[Date "2013.05.20"]
[Round "7.7"]
[White "Gauthier, Arnaud"]
[Black "Branson, James"]
[Result "1-0"]
[WhiteElo "1853"]
[BlackElo "1722"]
[PlyCount "69"]
[EventDate "2013.04.??"]
[EventType "swiss"]
[EventRounds "7"]
[EventCountry "FRA"]
[SourceDate "2005.09.12"]

{Gambit dame, défense slave} 1. d4 d5 2. c4 c6 3. Nc3 Nf6 4. cxd5 cxd5 5. Bf4
Nc6 6. e3 Qa5 7. Bd3 Bd7 8. Nge2 Nb4 9. Bb1 Rc8 10. O-O e6 11. h3 Be7 12. a3 h6
13. Be5 Nc6 14. Bh2 b5 15. Bd3 b4 16. Nb5 O-O 17. axb4 Qxb4 18. Nxa7 Nxa7 19.
Rxa7 Qxb2 20. Qb1 Qxb1 21. Rxb1 Ra8 22. Rba1 Bc6 23. Nc3 Rfc8 24. g4 Ne4 25.
Nb5 Bxb5 26. Rxa8 Bxd3 27. Rxc8+ Kh7 28. Ra7 Bh4 29. Bg3 Nxg3 30. fxg3 Bg5 31.
Kf2 f5 32. h4 Bf6 33. h5 e5 34. Raa8 g6 35. Ra7+ 1-0

[Event "17e open 1hKO"]
[Site "Montigny le Bretonneux"]
[Date "2013.05.20"]
[Round "7.8"]
[White "Francois, Jean"]
[Black "Montay, Jean Paul"]
[Result "1-0"]
[WhiteElo "1823"]
[BlackElo "1369"]
[PlyCount "69"]
[EventDate "2013.04.??"]
[EventType "swiss"]
[EventRounds "7"]
[EventCountry "FRA"]
[SourceDate "2005.09.12"]

{Ouverture anglaise} 1. c4 e5 2. e4 Nf6 3. Nc3 c6 4. d3 Bb4 5. Bd2 O-O 6. Nf3
d6 7. Be2 h6 8. h3 Re8 9. a3 Ba5 10. g4 Nh7 11. Qc1 f6 12. Rg1 g5 13. Qc2 Be6
14. d4 Bf7 15. dxe5 dxe5 16. Rd1 Re7 17. Bxg5 Qf8 18. Be3 Rd7 19. Rxd7 Nxd7 20.
b4 Bc7 21. Nh4 Ng5 22. Rh1 a5 23. Qb2 Nb6 24. Qb3 axb4 25. Nb1 c5 26. f3 Kh7
27. Nf5 Nxf3+ 28. Bxf3 Bxc4 29. Qb2 Bd3 30. axb4 cxb4 31. Nd2 Ra3 32. Kf2 Na4
33. Qc1 Nc3 34. Qb2 Nxe4+ 35. Nxe4 1-0

[Event "17e open 1hKO"]
[Site "Montigny le Bretonneux"]
[Date "2013.05.20"]
[Round "7.9"]
[White "Mutzel, Annabelle"]
[Black "Hurlot, Rodolphe"]
[Result "1/2-1/2"]
[WhiteElo "1406"]
[BlackElo "1754"]
[PlyCount "68"]
[EventDate "2013.04.??"]
[EventType "swiss"]
[EventRounds "7"]
[EventCountry "FRA"]
[SourceDate "2005.09.12"]

{Défense française, variante d'avance} 1. e4 e6 2. d4 d5 3. e5 c5 4. c3 Qb6 5.
a3 Bd7 6. b4 cxd4 7. cxd4 Bb5 8. Bd3 Bxd3 9. Qxd3 Nc6 10. Nf3 Nge7 11. Nc3 Nf5
12. Ne2 a5 13. b5 Nce7 14. a4 Ng6 15. O-O Bb4 16. Ba3 Be7 17. Rfc1 O-O 18. Rc2
Rfc8 19. Rac1 Rxc2 20. Rxc2 Qd8 21. Bxe7 Nfxe7 22. Rc3 Rc8 23. h3 b6 24. g3 Rc7
25. Qc2 Rxc3 26. Qxc3 Qc8 27. Qxc8+ Nxc8 28. Nd2 f6 29. f4 Nce7 30. g4 h6 31.
Nf3 Kf7 32. Kf2 Nh8 33. h4 Kg6 34. Ng3 Kf7 1/2-1/2

[Event "17e open 1hKO"]
[Site "Montigny le Bretonneux"]
[Date "2013.05.20"]
[Round "7.10"]
[White "Olichon, Gaetan"]
[Black "Darpoux, Danielle"]
[Result "1-0"]
[WhiteElo "1630"]
[BlackElo "1386"]
[PlyCount "57"]
[EventDate "2013.04.??"]
[EventType "swiss"]
[EventRounds "7"]
[EventCountry "FRA"]
[SourceDate "2005.09.12"]

{Défense des deux cavaliers} 1. e4 e5 2. Nf3 Nc6 3. Bc4 Nf6 4. Nc3 a6 5. d4
exd4 6. Nxd4 Ne5 7. Bb3 Bb4 8. Bg5 O-O 9. O-O c5 10. Bxf6 Qxf6 11. Nd5 Qd6 12.
Nf5 c4 13. Nxd6 Bxd6 14. Nf6+ gxf6 15. Qxd6 cxb3 16. Qxf6 Ng6 17. axb3 b5 18.
f4 Re8 19. f5 Ne5 20. Rf4 a5 21. Qg5+ Ng6 22. fxg6 fxg6 23. Qd5+ Kg7 24. Rf7+
Kh6 25. Qd2+ g5 26. Rf6+ Kg7 27. Qxg5+ Kh8 28. Rf7 Rg8 29. Qf6+ 1-0

[Event "17e open 1hKO"]
[Site "Montigny le Bretonneux"]
[Date "2013.05.20"]
[Round "7.11"]
[White "Stonner, Martin"]
[Black "Chambourdon, Alain"]
[Result "0-1"]
[WhiteElo "1440"]
[BlackElo "1560"]
[PlyCount "80"]
[EventDate "2013.04.??"]
[EventType "swiss"]
[EventRounds "7"]
[EventCountry "FRA"]
[SourceDate "2005.09.12"]

{Défense hollandaise} 1. d4 f5 2. Bg5 g6 3. c4 Bg7 4. e3 Nf6 5. Nc3 c6 6. g3
O-O 7. Bg2 Qe8 8. Nge2 d6 9. O-O Qf7 10. d5 c5 11. Nb5 Na6 12. a3 Nd7 13. Rb1
Ne5 14. Qc2 Bd7 15. b4 Rfc8 16. Bf4 Bxb5 17. Bxe5 cxb4 18. Bxg7 Qxg7 19. axb4
Rxc4 20. Qd3 Nxb4 21. Qd2 a5 22. Rfc1 Rac8 23. Nd4 Ba6 24. Bf1 Rxc1 25. Rxc1
Rxc1 26. Qxc1 Bxf1 27. Kxf1 Kf7 28. Qc7 Nxd5 29. Qxb7 Qe5 30. Ke2 a4 31. Qa8
Qe4 32. Kd2 Qg2 33. Ke1 Qh1+ 34. Ke2 Nc3+ 35. Kd3 Qxa8 36. Kxc3 a3 37. Kb3 Qg2
38. Kxa3 Qxf2 39. Kb4 Qxe3 40. Nc2 Qf2 0-1

[Event "17e open 1hKO"]
[Site "Montigny le Bretonneux"]
[Date "2013.05.20"]
[Round "7.12"]
[White "Soleranski, Vincent"]
[Black "Verat-Fayolle, Celian"]
[Result "1-0"]
[WhiteElo "1478"]
[BlackElo "1270"]
[PlyCount "49"]
[EventDate "2013.04.??"]
[EventType "swiss"]
[EventRounds "7"]
[EventCountry "FRA"]
[SourceDate "2005.09.12"]

{Ouverture irrégulière} 1. b4 e5 2. Bb2 Nc6 3. b5 Nd4 4. e3 Nf5 5. Bxe5 d5 6.
Nf3 Nf6 7. c4 c6 8. bxc6 bxc6 9. cxd5 cxd5 10. Bxf6 Qxf6 11. Bb5+ Kd8 12. d4
Bb4+ 13. Ke2 Ke7 14. Qb3 Bd6 15. Nc3 Rb8 16. Nxd5+ Ke6 17. Nxf6+ Kxf6 18. a4 a6
19. h4 Rd8 20. Ng5 Nh6 21. Nxh7+ Ke7 22. Qd5 Bg4+ 23. f3 Nf5 24. Qe4+ Be5 25.
Qxe5# 1-0

[Event "17e open 1hKO"]
[Site "Montigny le Bretonneux"]
[Date "2013.05.20"]
[Round "7.13"]
[White "Sellier, Alexandre"]
[Black "Fosse, Jean-Claude"]
[Result "0-1"]
[WhiteElo "1180"]
[BlackElo "1443"]
[PlyCount "88"]
[EventDate "2013.04.??"]
[EventType "swiss"]
[EventRounds "7"]
[EventCountry "FRA"]
[SourceDate "2005.09.12"]

{Défense sicilienne, variante Paulsen} 1. e4 c5 2. Nf3 e6 3. d4 cxd4 4. Nxd4 a6
5. Bd3 Qc7 6. O-O b5 7. Nf3 Bb7 8. Nc3 d6 9. Re1 Nd7 10. b3 Qxc3 11. Bd2 Qc7
12. Ng5 Ne5 13. Bf4 Nxd3 14. cxd3 e5 15. Be3 h6 16. Nf3 Nf6 17. Rc1 Qd7 18. Bb6
Rc8 19. h3 Be7 20. a4 O-O 21. axb5 Rxc1 22. Qxc1 Rc8 23. Qd2 Qxb5 24. Be3 Qxb3
25. Rc1 Rxc1+ 26. Qxc1 Bd8 27. d4 Nxe4 28. dxe5 dxe5 29. Nxe5 Qc3 30. Qb1 Qc8
31. f3 Nc3 32. Qb3 Bd5 33. Qc2 Be6 34. Bd4 Nd5 35. Qa4 Bb6 36. Bxb6 Nxb6 37.
Qd4 Nd5 38. Qd2 Qc5+ 39. Kh2 a5 40. Qb2 Nc3 41. Qb8+ Kh7 42. Nd3 Qe3 43. Nb2
Ne2 44. Qb5 Qg1# 0-1

[Event "17e open 1hKO"]
[Site "Montigny le Bretonneux"]
[Date "2013.05.20"]
[Round "7.14"]
[White "Hedjazian, Farhad"]
[Black "Sagon, Lancelot"]
[Result "1-0"]
[WhiteElo "1653"]
[BlackElo "1310"]
[PlyCount "71"]
[EventDate "2013.04.??"]
[EventType "swiss"]
[EventRounds "7"]
[EventCountry "FRA"]
[SourceDate "2005.09.12"]

{Gambit dame, défense Tchigorine} 1. d4 d5 2. Nf3 Nc6 3. c4 Nf6 4. Nc3 Bf5 5.
e3 e6 6. cxd5 exd5 7. Bd3 Qd7 8. O-O Bb4 9. Bd2 Bxd3 10. Re1 Be4 11. Ng5 Bxc3
12. Bxc3 O-O 13. Nxe4 Nxe4 14. Rc1 Rfe8 15. a3 Qf5 16. Qc2 Qf6 17. b4 Nxc3 18.
Qxc3 Rac8 19. Qb3 Ne7 20. Qa4 a6 21. Rxc7 Rb8 22. Rxb7 h6 23. Rc7 Nf5 24. Rc6
Qg6 25. Rxg6 fxg6 26. Qxa6 Nxd4 27. Qxg6 Rec8 28. exd4 Rb7 29. Qe6+ Kh7 30.
Qf5+ g6 31. Qxc8 Rg7 32. Qc5 Rg8 33. Re7+ Kh8 34. Qxd5 Rc8 35. Qe5+ Kg8 36.
Qg7# 1-0

[Event "17e open 1hKO"]
[Site "Montigny le Bretonneux"]
[Date "2013.05.20"]
[Round "7.15"]
[White "Mcintosh, Antoine"]
[Black "Geffrotin, Daniel"]
[Result "0-1"]
[WhiteElo "1110"]
[BlackElo "1600"]
[PlyCount "74"]
[EventDate "2013.04.??"]
[EventType "swiss"]
[EventRounds "7"]
[EventCountry "FRA"]
[SourceDate "2005.09.12"]

{Défense sicilienne} 1. e4 c5 2. Bc4 d6 3. Nf3 Nf6 4. O-O g6 5. d3 Bg7 6. Ng5
O-O 7. d4 cxd4 8. Qxd4 Nc6 9. Qc3 Ne5 10. Bb3 Bd7 11. Qg3 h6 12. Nxf7 Rxf7 13.
Bxf7+ Kxf7 14. Qb3+ Be6 15. Qxb7 g5 16. Be3 Rb8 17. Qxa7 Rxb2 18. Nc3 Rb8 19.
Rfb1 Ra8 20. Qd4 Nfd7 21. Rb5 Ng4 22. Bd2 Bxd4 23. Ne2 Bxa1 24. h3 Nge5 25. Rb1
Rxa2 26. Nc3 Rxc2 27. Be1 Bxc3 28. Bxc3 Rxc3 29. Rb5 Qc7 30. Rb2 Ra3 31. Rb1
Qc2 32. Rf1 Qb2 33. g3 Ra1 34. h4 Rxf1+ 35. Kxf1 Bh3+ 36. Kg1 Ng4 37. f3 Qh2#
0-1